000 00353nam a22001337a 4500
020 _a9781580537810
040 _cnust
082 _a658.404
_bBON
100 _aBonham. S Stephen
_9122709
245 _aIT Project Portfolio management
260 _aLondon:
_bArtech House,
_c2005.
650 _aIT Project Portfolio management
_9122710
942 _2ddc
_cBK
999 _c609153
_d609153